Представление документа в формате MARC21

Поле Инд. ПП Название Значение
Тип записи a
Библиографический уровень m
001 Контрольный номер 83eb70dc9763434988a3b4b0b01af826
005 Дата корректировки 20260522133518.4
040 a Служба первич. каталог. 10013504
b Код языка каталог. rus
e Правила каталог. PSBO
041 0_ a Код языка текста rus
090 a Полочн. индекс Дис.
x Авторский знак Ш 35
r Идентификатор организации 10013504
100 1_ a Автор Швецов К.Л.
245 10 a Заглавие Исследование стабилизаторов напряжения в целях унификации
b Продолж. заглавия диссертация ... кандидата технических наук
c Ответственность науч. рук. П.П. Месяцев ; Центральное конструкторское бюро "Эталон", МАТИ
260 a Место издания Москва
c Дата издания 1968
300 a Объем 215 с.
b Иллюстрации/ тип воспроизводства ил.
500 a Примечание Для служебного пользования - Гриф ДСП снят
504 a Библиография Библиогр.: с. 208-215 (80 назв.)
653 0_ a Ключевые слова ДИССЕРТАЦИИ; СТАБИЛИЗАТОРЫ НАПРЯЖЕНИЯ; УНИФИКАЦИЯ
700 12 a Другие авторы Месяцев П.П.
e Роль лиц Научный руководитель
901 t Тип документа d
952 a Тип литературы для КСУ ВШ КДНР
c Вид литературы диссертация